National income and its distribution in under-developed countries.

Bibliographic Details
Corporate Author: United Nations. Statistical Office
Format: Book
Language:English
Published: New York, [publisher not identified] ; 1951.
Series:Its Statistical papers, ser.E, no.3
United Nations. [Document] ST/STAT/ser.E/3. 9 Oct. 1951
Subjects:

MARC

Tag First Indicator Second Indicator Subfields
LEADER 00000cam a2200000 4500
001 in00000072360
005 20151008052456.0
008 730418s1951 nyu b 00000 eng u
010 |a  52006823  
035 |a (OCoLC)00606809 
035 |9 AAH3521AM 
040 |c WSU  |d TXA  |d UtOrBLW 
049 |a TXAM  |c [210615] 
090 |a JX1977  |b .A2 ST/STAT/, ser.E/3 
092 |a 339.2  |b U575n 
110 2 |a United Nations.  |b Statistical Office. 
245 1 0 |a National income and its distribution in under-developed countries. 
264 1 |a New York,  |b [publisher not identified] ;  |c 1951. 
300 |a vi, 35 pages ;  |c 28 cm. 
336 |a text  |b txt  |2 rdacontent 
337 |a unmediated  |b n  |2 rdamedia 
338 |a volume  |b nc  |2 rdacarrier 
490 0 |a Its Statistical papers, ser.E, no.3 
490 0 |a United Nations. [Document] ST/STAT/ser.E/3. 9 Oct. 1951 
504 |a Bibliography: pages 34-35. 
650 0 |a Income. 
740 0 |a Under-developed countries. 
999 |a MARS 
999 f f |s f01949a1-c7fe-366b-afd6-11182df434f8  |i 31ccdceb-cc30-3d76-a5db-3a2af41505a5  |t 0 
952 f f |p ric  |a Texas A&M University  |b Rellis Campus  |c Joint Library Facility  |d Remote Storage  |t 0  |e JX1977 .A2 ST/STAT/, ser.E/3  |h Library of Congress classification  |i unmediated -- volume  |m A14800777264 
998 f f |a JX1977 .A2 ST/STAT/, ser.E/3  |t 0  |l Remote Storage